00365 a2200133 4500003000400000005001700004008004100021020001500062040000900077082001800086245006900104260004400173300001400217OSt20230225131704.0230225b ||||| |||| 00| 0 eng d a9390615575 coclc a954.84bKUT/G aGuruvayoorsathyagraham oru punarvayana /cT V Abdu Rahiman Kutty aTrivandrum:bPrabath book house,c2021. a248 pages